[Event "Sant Gregori Ajuntament op-A 1st"]
[Site "Sant Gregori"]
[Date "2016.07.04"]
[Round "1.18"]
[White "Cordonet Vidal, Jan"]
[Black "Garcia Calleja, Rafael"]
[Result "0-1"]
[WhiteElo "1282"]
[BlackElo "1848"]
[PlyCount "38"]
[EventDate "2016.07.04"]
[EventType "tourn"]
[EventRounds "7"]
[EventCountry "ESP"]
[SourceTitle "EXT 2024"]
[Source "ChessBase"]
[SourceDate "2023.10.10"]
[SourceVersion "1"]
[SourceVersionDate "2023.10.10"]
[SourceQuality "1"]

1. e3 e5 2. e4 Nf6 3. Bc4 Bc5 4. Qe2 0-0 5. Nh3 c6 6. 0-0 Re8 7. Nc3 d5 8. Bd3 d4 9. Bc4 dxc3 10. Qd3 Qxd3 11. cxd3 cxb2 12. Bxb2 Bxh3 13. gxh3 Nbd7 14. Rac1 Bd4 15. Bxd4 exd4 16. e5 Nxe5 17. Rfe1 Nf3+ 18. Kh1 Rxe1+ 19. Rxe1 Nxe1 0-1